[Event "SRB-chT3 East"]
[Site "Serbia"]
[Date "2017.10.14"]
[Round "10.4"]
[White "Petrovic, Petar R"]
[Black "Rajkovic, Branislav"]
[Result "1/2-1/2"]
[WhiteElo "1994"]
[BlackElo "2083"]
[PlyCount "59"]
[EventDate "2017.09.03"]
[EventType "team-tourn"]
[EventRounds "11"]
[EventCountry "SRB"]
[SourceTitle "EXT 2022"]
[Source "ChessBase"]
[SourceDate "2021.10.06"]
[SourceVersion "1"]
[SourceVersionDate "2021.10.06"]
[SourceQuality "1"]

1. e4 c5 2. Nf3 d6 3. d4 cxd4 4. Nxd4 Nf6 5. Nc3 g6 6. Be2 Bg7 7. Be3 0-0 8. 0-0 Bd7 9. Qd2 Nc6 10. h3 Nxd4 11. Bxd4 Bc6 12. Bf3 Qa5 13. Rad1 e5 14. Be3 Qb4 15. Nd5 Nxd5 16. exd5 Qxd2 17. Rxd2 Bd7 18. Be2 f5 19. f4 b6 20. c4 Rae8 21. fxe5 Bxe5 22. Bh6 Rf7 23. Bf3 Bc8 24. Rc1 Bg3 25. Re2 Rfe7 26. Rxe7 Rxe7 27. Bg5 Re8 28. Bd2 Be5 29. Bc3 Bg3 30. Bd4 1/2-1/2

[Event "SRB-chT3 East"]
[Site "Serbia"]
[Date "2017.10.14"]
[Round "9.4"]
[White "Rajkovic, Branislav"]
[Black "Desic, Zoran"]
[Result "1-0"]
[WhiteElo "2083"]
[BlackElo "2001"]
[PlyCount "77"]
[EventDate "2017.09.03"]
[EventType "team-tourn"]
[EventRounds "11"]
[EventCountry "SRB"]
[SourceTitle "EXT 2022"]
[Source "ChessBase"]
[SourceDate "2021.10.06"]
[SourceVersion "1"]
[SourceVersionDate "2021.10.06"]
[SourceQuality "1"]

1. e4 c5 2. Nf3 g6 3. d4 cxd4 4. Nxd4 Bg7 5. c4 Nf6 6. Nc3 0-0 7. Be2 Nc6 8. Be3 a6 9. 0-0 d6 10. h3 Bd7 11. Qd2 Rb8 12. a4 Qc8 13. a5 Ne5 14. Nd5 Re8 15. f3 Be6 16. Rfc1 Nc6 17. Nb6 Qd8 18. b4 Nd7 19. Nd5 Rc8 20. Rab1 Nde5 21. Nxe6 fxe6 22. Nb6 Rb8 23. f4 Nd7 24. Bg4 Nf8 25. b5 Na7 26. Bxe6+ Kh8 27. Bf7 axb5 28. cxb5 Nc8 29. Bxe8 Qxe8 30. Nd5 Nd7 31. Nc7 Qf7 32. Qd5 Qxd5 33. exd5 Nc5 34. Ne6 Nxe6 35. dxe6 d5 36. Bc5 Nd6 37. Bxd6 exd6 38. a6 h5 39. Rd1 1-0

[Event "SRB-chT3 East"]
[Site "Serbia"]
[Date "2017.10.12"]
[Round "6.4"]
[White "Rajkovic, Branislav"]
[Black "Antic, Mile"]
[Result "1-0"]
[WhiteElo "2083"]
[BlackElo "1772"]
[PlyCount "23"]
[EventDate "2017.09.03"]
[EventType "team-tourn"]
[EventRounds "11"]
[EventCountry "SRB"]
[SourceTitle "EXT 2022"]
[Source "ChessBase"]
[SourceDate "2021.10.06"]
[SourceVersion "1"]
[SourceVersionDate "2021.10.06"]
[SourceQuality "1"]

1. e4 d6 2. d4 Nf6 3. Nc3 Nbd7 4. Nf3 g6 5. e5 dxe5 6. dxe5 Nh5 7. e6 fxe6 8. Ng5 Ng7 9. Qd3 e5 10. Nxh7 Nf5 11. Ng5 Rh4 12. Ne6 1-0

[Event "Veliko Gradiste Silver Lake op-A"]
[Site "Veliko Gradiste"]
[Date "2017.06.19"]
[Round "2"]
[White "Rajkovic, Branislav"]
[Black "Lyell, Mark"]
[Result "0-1"]
[WhiteElo "2137"]
[BlackElo "2270"]
[PlyCount "94"]
[EventDate "2017.06.18"]
[EventType "swiss"]
[EventRounds "9"]
[EventCountry "SRB"]
[SourceTitle "EXT 2018"]
[Source "ChessBase"]
[SourceDate "2017.10.13"]
[SourceVersion "1"]
[SourceVersionDate "2017.10.13"]
[SourceQuality "1"]

1. e4 e6 2. d4 d5 3. Nc3 Nf6 4. Bg5 Bb4 5. Qd3 dxe4 6. Qg3 Nc6 7. Nge2 Be7 8. h4 h6 9. Be3 Bd6 10. Bf4 Nh5 11. Qg4 Nxf4 12. Nxf4 Qf6 13. Nh5 Qg6 14. Qxg6 fxg6 15. Ng3 e3 16. 0-0-0 exf2 17. Nge4 Bf4+ 18. Kb1 0-0 19. Bc4 Kh8 20. g3 Be3 21. d5 Ne5 22. Bb3 exd5 23. Nxd5 Bf5 24. Nec3 Bb6 25. Nf4 Bg4 26. Ne4 Bxd1 27. Rxd1 Rad8 28. Rf1 Rd4 29. Nxf2 Rdxf4 30. gxf4 Rxf4 31. Rd1 c6 32. Nd3 Nxd3 33. cxd3 Rxh4 34. Re1 g5 35. Bf7 g6 36. Bxg6 Kg7 37. Bf5 g4 38. Re6 Kf7 39. Rg6 h5 40. b4 Rh2 41. b5 cxb5 42. Be4 Bd4 43. Rd6 Be5 44. Rd7+ Kf6 45. d4 Bf4 46. Rxb7 Re2 47. Bd3 g3 0-1

[Event "SRB-chT Cup"]
[Site "Kragujevac"]
[Date "2017.04.29"]
[Round "1.6"]
[White "Rajkovic, Branislav"]
[Black "Markovic, Predrag M"]
[Result "1-0"]
[WhiteElo "2126"]
[BlackElo "1845"]
[PlyCount "45"]
[EventDate "2017.04.29"]
[EventType "team-swiss"]
[EventRounds "6"]
[EventCountry "SRB"]
[SourceTitle "EXT 2018"]
[Source "ChessBase"]
[SourceDate "2017.10.13"]
[SourceVersion "1"]
[SourceVersionDate "2017.10.13"]
[SourceQuality "1"]
[WhiteTeam "Bor Bakar"]
[BlackTeam "Kragujevac Palilule"]
[WhiteTeamCountry "SRB"]
[BlackTeamCountry "SRB"]

1. e4 c5 2. Nf3 d6 3. d4 cxd4 4. Nxd4 Nf6 5. Nc3 a6 6. Bc4 e6 7. Be3 Be7 8. Qe2 0-0 9. Bb3 Nc6 10. 0-0-0 Nxd4 11. Bxd4 b5 12. f4 Qc7 13. e5 dxe5 14. Bxe5 Qc6 15. Rhe1 Nd7 16. Nd5 Bf6 17. Bxf6 exd5 18. Be7 Qc7 19. Bxf8 Qxf4+ 20. Kb1 Nxf8 21. Bxd5 Ra7 22. Rf1 Qxh2 23. Qe8 1-0

[Event "SRB-chT3 East CS"]
[Site "Kladovo"]
[Date "2016.10.15"]
[Round "9.33"]
[White "Rajkovic, Branislav"]
[Black "Miljkovic, Slobodan"]
[Result "1/2-1/2"]
[WhiteElo "2171"]
[BlackElo "1752"]
[PlyCount "28"]
[EventDate "2016.09.04"]
[EventType "team-tourn"]
[EventRounds "11"]
[EventCountry "SRB"]
[SourceTitle "EXT 2021"]
[Source "ChessBase"]
[SourceDate "2020.10.23"]
[SourceVersion "1"]
[SourceVersionDate "2020.10.23"]
[SourceQuality "1"]

1. e4 g6 2. d4 Bg7 3. Nc3 d6 4. Be3 Nf6 5. Be2 0-0 6. Qd2 Re8 7. 0-0-0 Nc6 8. Bf3 a6 9. Nge2 Nd7 10. Ng3 e5 11. dxe5 Ndxe5 12. Be2 Be6 13. f4 Nc4 14. Bxc4 Bxc4 1/2-1/2

[Event "SRB-chT2 East"]
[Site "Serbia"]
[Date "2010.09.26"]
[Round "3"]
[White "Rajkovic, Branislav"]
[Black "Vlajic, Sasa"]
[Result "1-0"]
[WhiteElo "2175"]
[BlackElo "2196"]
[PlyCount "79"]
[EventDate "2010.09.11"]
[EventType "team"]
[EventRounds "11"]
[EventCountry "SRB"]
[SourceTitle "EXT 2012"]
[Source "ChessBase"]
[SourceDate "2011.11.24"]
[SourceVersion "1"]
[SourceVersionDate "2011.11.24"]
[SourceQuality "1"]

1. e4 d5 2. exd5 Nf6 3. d4 Nxd5 4. c4 Nb6 5. Nc3 g6 6. Be3 Bg7 7. Nf3 0-0 8. Be2 Bg4 9. Qb3 Bxf3 10. Bxf3 Nc6 11. c5 Na5 12. Qb4 Nbc4 13. b3 Nxe3 14. fxe3 Nc6 15. Qxb7 Nxd4 16. 0-0-0 Rb8 17. Qe4 e5 18. exd4 exd4 19. Na4 Qg5+ 20. Kc2 Rfe8 21. Qd5 Re5 22. Qc4 a5 23. Rhe1 Rxe1 24. Rxe1 d3+ 25. Qxd3 Rd8 26. Qe3 Qh4 27. Rd1 Rxd1 28. Qe8+ Bf8 29. Bxd1 Qf2+ 30. Qe2 Qg1 31. h3 Bh6 32. Kd3 Bg7 33. Qe8+ Bf8 34. Bf3 Qb1+ 35. Kc4 Qf1+ 36. Qe2 Qc1+ 37. Kb5 Qf4 38. Qc4 Qd2 39. Bd5 Kg7 40. Qc3+ 1-0

[Event "Paracin op 3rd"]
[Site "Paracin"]
[Date "2010.07.13"]
[Round "5"]
[White "Dezelin, Milan"]
[Black "Rajkovic, Branislav"]
[Result "1/2-1/2"]
[WhiteElo "2308"]
[BlackElo "2175"]
[PlyCount "20"]
[EventDate "2010.07.09"]
[EventType "swiss"]
[EventRounds "9"]
[EventCountry "YUG"]
[SourceTitle "CBM 137 Extra"]
[Source "ChessBase"]
[SourceDate "2010.09.01"]
[SourceVersion "1"]
[SourceVersionDate "2010.09.01"]
[SourceQuality "1"]

1. d4 d5 2. c4 e6 3. Nc3 Nf6 4. Nf3 Be7 5. Bf4 0-0 6. e3 Nbd7 7. Qc2 c6 8. Bd3 dxc4 9. Bxc4 b5 10. Bd3 Bb7 1/2-1/2

[Event "Paracin op 3rd"]
[Site "Paracin"]
[Date "2010.07.12"]
[Round "4"]
[White "Rajkovic, Branislav"]
[Black "Colovic, Dusan"]
[Result "1/2-1/2"]
[WhiteElo "2175"]
[BlackElo "2369"]
[PlyCount "37"]
[EventDate "2010.07.09"]
[EventType "swiss"]
[EventRounds "9"]
[EventCountry "YUG"]
[SourceTitle "CBM 137 Extra"]
[Source "ChessBase"]
[SourceDate "2010.09.01"]
[SourceVersion "1"]
[SourceVersionDate "2010.09.01"]
[SourceQuality "1"]

1. e4 e6 2. d4 b6 3. c4 Bb7 4. Bd3 Qh4 5. h3 Bb4+ 6. Nc3 f5 7. Nf3 Qh5 8. Qe2 Nh6 9. Bd2 0-0 10. 0-0-0 Nc6 11. Rdg1 Bxc3 12. Bxc3 fxe4 13. Bxe4 Na5 14. Bxb7 Nxb7 15. g4 Qf7 16. Rg3 Nd6 17. Bd2 b5 18. cxb5 e5 19. dxe5 1/2-1/2

[Event "SRB-chT2 East"]
[Site "Pozarevac"]
[Date "2009.10.09"]
[Round "7.1"]
[White "Terzic, Goran"]
[Black "Rajkovic, Branislav"]
[Result "1-0"]
[WhiteElo "2292"]
[BlackElo "2177"]
[PlyCount "47"]
[EventDate "2009.09.06"]
[EventType "team"]
[EventRounds "11"]
[EventCountry "SRB"]
[SourceTitle "EXT 2012"]
[Source "ChessBase"]
[SourceDate "2011.11.24"]
[SourceVersion "1"]
[SourceVersionDate "2011.11.24"]
[SourceQuality "1"]

1. e4 c5 2. d3 e6 3. g3 d5 4. Nd2 Nf6 5. Bg2 Nc6 6. Ngf3 Be7 7. 0-0 0-0 8. Re1 Qc7 9. c3 b6 10. Qe2 Ba6 11. e5 Nd7 12. Nf1 Rae8 13. Bf4 b5 14. h4 Qb6 15. N1h2 d4 16. Ng5 h6 17. Qh5 Bxg5 18. hxg5 hxg5 19. Be4 f5 20. Nf3 Ncxe5 21. Bxe5 Nxe5 22. Nxg5 Rf7 23. Bxf5 Nf3+ 24. Qxf3 1-0

[Event "Senta op-A 12th"]
[Site "Senta"]
[Date "2008.07.20"]
[Round "5"]
[White "Sutorikhin, Vladimir"]
[Black "Rajkovic, Branislav"]
[Result "1-0"]
[WhiteElo "2354"]
[BlackElo "2212"]
[PlyCount "150"]
[EventDate "2008.07.18"]
[EventType "swiss"]
[EventRounds "9"]
[EventCountry "YUG"]
[SourceTitle "CBM 125 Extra"]
[Source "ChessBase"]
[SourceDate "2008.09.01"]
[SourceVersion "1"]
[SourceVersionDate "2008.09.01"]
[SourceQuality "1"]

1. d4 d5 2. c4 e6 3. Nc3 Nf6 4. cxd5 exd5 5. Bg5 Be7 6. e3 0-0 7. Qc2 Nbd7 8. Bd3 Re8 9. Nf3 c6 10. h3 h6 11. Bf4 Bb4 12. 0-0 Qe7 13. a3 Bd6 14. Bxd6 Qxd6 15. b4 a6 16. Rfc1 Qe6 17. Nd2 b6 18. a4 c5 19. bxc5 bxc5 20. Nf3 c4 21. Bf5 Qd6 22. e4 dxe4 23. Nxe4 Qf4 24. Ng3 Nb6 25. Qd2 Nfd5 26. a5 Bxf5 27. axb6 Bd3 28. Qxf4 Nxf4 29. Ne5 Reb8 30. Nxc4 Bxc4 31. Rxc4 Rxb6 32. Rca4 Rd6 33. Nf5 Rd7 34. Kf1 Kh7 35. Rd1 g6 36. Ne3 Nd5 37. Ra5 Nxe3+ 38. fxe3 f5 39. g3 Re8 40. Kf2 Re6 41. Rda1 Rdd6 42. Kf3 Kg7 43. Rc1 Kf6 44. g4 fxg4+ 45. hxg4 Rc6 46. Rxc6 Rxc6 47. Kf4 g5+ 48. Ke4 Re6+ 49. Kd3 Kg6 50. Rc5 h5 51. d5 Rf6 52. gxh5+ Kxh5 53. Rc6 Rf8 54. Rxa6 g4 55. Ra7 Kg6 56. e4 g3 57. Ra2 Kg5 58. Ke3 Kg4 59. Ra7 Rf3+ 60. Kd4 Rf1 61. Rg7+ Kf3 62. e5 Re1 63. e6 g2 64. Kc5 Re4 65. Kd6 Rg4 66. Rxg4 Kxg4 67. e7 g1Q 68. e8Q Qb6+ 69. Qc6 Qb8+ 70. Ke7 Qb4+ 71. Kd8 Qd4 72. Qg6+ Kh3 73. d6 Qc5 74. Qe6+ Kh2 75. Ke8 Qf2 1-0

[Event "SRB-chT2 East"]
[Site "Serbia"]
[Date "2007.10.19"]
[Round "8.3"]
[White "Rajkovic, Branislav"]
[Black "Stankovic, Dejan"]
[Result "1/2-1/2"]
[WhiteElo "2232"]
[BlackElo "2226"]
[PlyCount "47"]
[EventDate "2007.09.09"]
[EventType "team"]
[EventRounds "11"]
[EventCountry "SRB"]
[SourceTitle "EXT 2012"]
[Source "ChessBase"]
[SourceDate "2011.11.24"]
[SourceVersion "1"]
[SourceVersionDate "2011.11.24"]
[SourceQuality "1"]
[WhiteTeam "Bor"]
[BlackTeam "Celin Kamen"]
[WhiteTeamCountry "SRB"]
[BlackTeamCountry "SRB"]

1. e4 e5 2. Nf3 Nf6 3. d4 Nxe4 4. Bd3 d5 5. Nxe5 Be7 6. 0-0 0-0 7. Re1 Nc6 8. c4 Bb4 9. Nc3 Nxc3 10. bxc3 Bxc3 11. Bxh7+ Kxh7 12. Qc2+ Kg8 13. Nxc6 bxc6 14. Qxc3 dxc4 15. Ba3 Re8 16. Qxc4 Rxe1+ 17. Rxe1 Be6 18. Rxe6 fxe6 19. Qxe6+ Kh8 20. Qh3+ Kg8 21. Qe6+ Kh7 22. Qf5+ Kh8 23. Qh3+ Kg8 24. Qe6+ 1/2-1/2